| 000 | 01742nam2a2200361 4500 | ||
|---|---|---|---|
| 001 | RU\NLR\BIBL_A\022576972 | ||
| 005 | 20250731160244.0 | ||
| 010 |
_a978-5-00110-482-7 _bч. 1 _9100 |
||
| 021 |
_aRU _bКН-П-25-021651 _9КН-П-25-2191 |
||
| 035 | _a(NLR Aleph) 022576972 | ||
| 090 |
_a13448010 _c13448010 |
||
| 100 | _a20250701d2025 u y0rusy50 ca | ||
| 101 | 0 | _arus | |
| 102 | _aRU | ||
| 105 | _aab j 000yy | ||
| 200 | 1 | _aГородская среда и природные компоненты города | |
| 210 | _d2025 | ||
| 215 |
_a145 с. _cил., карт., табл. |
||
| 320 | _aБиблиогр. в конце гл. | ||
| 461 | 0 |
_1001RU\NLR\BIBL_A\022576971 _12001#$aУрбоэкология$vЧ. 1 _1700#1$aДорофеева$bМ. М.$gМария Михайловна |
|
| 606 | 1 |
_aВодные объекты городов _jУчебные издания для высших учебных заведений _92550394 _3RU\NLR\AUTH\661509207 |
|
| 606 | 1 |
_aЖивая природа _jУчебные издания для высших учебных заведений _xВлияние окружающей среды городов _91808349 _3RU\NLR\AUTH\66815381 |
|
| 606 | 1 |
_aПочвы городов _jУчебные издания для высших учебных заведений _92433712 _3RU\NLR\AUTH\661448370 |
|
| 606 | 1 |
_aЗемлеустройство _jУчебные издания для высших учебных заведений _9910467 _3RU\NLR\AUTH\6612701 |
|
| 686 | 1 | _aД220я73 | |
| 686 | 1 | _aЕ081.4я73 | |
| 686 | 1 | _aП035.8я73 | |
| 686 | 1 | _aУ32(0)-513я73 | |
| 942 | _cBOOK | ||
| 980 | _aNB | ||
| 980 | _aNB | ||